[Event "UzChess Cup Futures 2024"]
[Site "Tashkent UZB"]
[Date "2024.06.10"]
[Round "5.2"]
[White "Bernadskiy, Vitaliy"]
[Black "Suyarov, Mukhammadzokhid"]
[Result "0-1"]
[WhiteTitle "GM"]
[BlackTitle "IM"]
[WhiteElo "2563"]
[BlackElo "2430"]
[WhiteFideId "14100371"]
[BlackFideId "14210495"]
[EventDate "2024.06.06"]

1. d4 d5 2. c4 e6 3. Nf3 Nf6 4. Nc3 c6 5. Bg5 h6 6. Bxf6 Qxf6 7. e3 Nd7 8. Rc1
g6 9. Bd3 Bg7 10. cxd5 exd5 11. O-O O-O 12. b4 a6 13. a4 Qd6 14. b5 axb5 15.
axb5 c5 16. Be2 cxd4 17. Nxd4 Nb6 18. Bf3 Bd7 19. Nce2 Ra4 20. h4 h5 21. g3 Rfa8
22. Re1 Rb4 23. Rb1 Raa4 24. Rxb4 Rxb4 25. Nf4 Bxb5 26. Nxb5 Rxb5 27. Qd3 Rc5
28. Rd1 Rc3 29. Qb1 d4 30. Ne2 Rc4 31. exd4 Rb4 32. Qc2 Nd7 33. Kg2 Nf8 34. Qc8
Rb2 35. d5 Be5 36. Rd3 Kg7 37. Qc4 b5 38. Qc6 Nd7 39. Re3 b4 40. Qc4 Nb6 41. Qb5
Nc8 42. Qc4 Ne7 43. Be4 Bf6 44. Nf4 Rd2 45. Qc1 Ra2 46. Bxg6 Nxg6 47. Nxh5+ Kf8
48. Re4 Ra8 49. Nxf6 Qxf6 50. Rxb4 Rd8 51. Qd2 Ne7 52. Rd4 Rd6 53. Qb4 Nc6 54.
dxc6 Qxd4 55. Qb8+ Kg7 56. c7 Qe4+ 57. Kh2 Rd1 58. Qb2+ f6 0-1

[Event "UzChess Cup Futures 2024"]
[Site "Tashkent UZB"]
[Date "2024.06.10"]
[Round "5.3"]
[White "Sivuk, Vitaly"]
[Black "Nikitenko, Mihail"]
[Result "1-0"]
[WhiteTitle "GM"]
[BlackTitle "GM"]
[WhiteElo "2569"]
[BlackElo "2525"]
[WhiteFideId "14116502"]
[BlackFideId "13506862"]
[EventDate "2024.06.06"]

1. d4 Nf6 2. c4 e6 3. Nf3 h6 4. g3 Bb4+ 5. Nbd2 O-O 6. Bg2 d5 7. O-O a5 8. Qc2
a4 9. a3 Bd6 10. e4 dxe4 11. Nxe4 Nxe4 12. Qxe4 Bd7 13. Bd2 Bc6 14. Qc2 Qf6 15.
Qd3 Bxf3 16. Bxf3 Nc6 17. Bc3 Rfd8 18. Rad1 Na5 19. Qe2 Qf5 20. Be4 Qh3 21. f4
g6 22. Bg2 Qf5 23. g4 Qf6 24. d5 Qe7 25. Rde1 c6 26. Kh1 Nb3 27. dxe6 Bc5 28. f5
f6 29. fxg6 Bd4 30. Rf5 Bxc3 31. bxc3 Kg7 32. Qe3 Ra5 33. Qb6 Ra6 34. Qb4 Rd6
35. c5 Rd8 36. h4 Kxg6 37. Ref1 Rf8 38. g5 hxg5 39. hxg5 Rh8+ 40. Kg1 fxg5 41.
Qe4 Kh5 42. Bf3+ Kh6 43. Bg4 1-0

[Event "UzChess Cup Futures 2024"]
[Site "Tashkent UZB"]
[Date "2024.06.10"]
[Round "5.4"]
[White "Rasulov, Vugar"]
[Black "Madaminov, Mukhiddin"]
[Result "1/2-1/2"]
[WhiteTitle "GM"]
[BlackTitle "IM"]
[WhiteElo "2557"]
[BlackElo "2517"]
[WhiteFideId "13402390"]
[BlackFideId "14210703"]
[EventDate "2024.06.06"]

1. Nf3 Nf6 2. c4 e6 3. g3 d5 4. Bg2 Be7 5. d4 O-O 6. Nc3 dxc4 7. Ne5 c5 8. dxc5
Qxd1+ 9. Nxd1 Bxc5 10. O-O Nd5 11. Nxc4 Nc6 12. Bd2 b6 13. Nde3 Ba6 14. Rfc1
Rad8 15. Kf1 Nxe3+ 16. Bxe3 Bxe3 17. fxe3 Ne7 18. Be4 Nd5 19. Kf2 Nf6 20. Bf3
Nd7 21. b4 Bxc4 22. Rxc4 Ne5 23. Rc7 Rd2 24. b5 Rd7 25. Rac1 Rd2 26. Ra1 Rd7 1/2-1/2

[Event "UzChess Cup Futures 2024"]
[Site "Tashkent UZB"]
[Date "2024.06.10"]
[Round "5.5"]
[White "Begmuratov, Khumoyun"]
[Black "Saydaliev, Saidakbar"]
[Result "0-1"]
[WhiteTitle "IM"]
[BlackTitle "IM"]
[WhiteElo "2429"]
[BlackElo "2448"]
[WhiteFideId "14210207"]
[BlackFideId "14203693"]
[EventDate "2024.06.06"]

1. e4 e5 2. Nf3 Nc6 3. Bb5 a6 4. Ba4 Nf6 5. d3 b5 6. Bb3 Bc5 7. c3 d6 8. Bg5 h6
9. Bh4 O-O 10. Nbd2 Rb8 11. O-O g5 12. Bg3 Bb6 13. a4 Kg7 14. Bc2 Re8 15. Re1
Ne7 16. axb5 axb5 17. d4 Ng6 18. Nf1 Qe7 19. Ne3 Nf4 20. Nf5+ Bxf5 21. exf5 e4
22. h4 N4h5 23. Bh2 g4 24. Nd2 d5 25. Nf1 Kh7 26. Be5 Rg8 27. g3 Rb7 28. Ne3 c6
29. Kf1 Nd7 30. Nxg4 f6 31. Nh2 fxe5 32. Qxh5 Nf6 33. Qd1 exd4 34. cxd4 Qb4 35.
Bb3 Bxd4 36. Qc2 c5 37. Bxd5 Nxd5 38. Qxe4 Qc4+ 39. Kg2 Re7 40. Qf3 Rxe1 41.
Rxe1 Nf6 42. Re7+ Rg7 43. Rxg7+ Kxg7 44. Qb7+ Qf7 45. Qxb5 Qd5+ 46. Nf3 Nd7 47.
Kg1 Ne5 48. Nxd4 Qxd4 49. Qb7+ Kf6 50. Qb6+ Kxf5 51. Qxh6 Qd1+ 52. Kg2 Qd5+ 53.
Kg1 Nf3+ 54. Kf1 Kg4 55. Qf4+ Kh3 56. Ke2 Nd4+ 57. Ke3 Nc2+ 58. Ke2 c4 59. f3
Qd3+ 60. Kf2 Nd4 61. Qe3 Qc2+ 62. Ke1 Qb1+ 63. Kd2 Qxb2+ 64. Kd1 c3 0-1

[Event "UzChess Cup Futures 2024"]
[Site "Tashkent UZB"]
[Date "2024.06.11"]
[Round "6.1"]
[White "Daneshvar, Bardiya"]
[Black "Saydaliev, Saidakbar"]
[Result "1/2-1/2"]
[WhiteTitle "GM"]
[BlackTitle "IM"]
[WhiteElo "2611"]
[BlackElo "2448"]
[WhiteFideId "12576468"]
[BlackFideId "14203693"]
[EventDate "2024.06.06"]

1. c4 Nf6 2. Nc3 e6 3. e4 c5 4. e5 Ng8 5. Nf3 Nc6 6. d4 cxd4 7. Nxd4 Nxe5 8.
Ndb5 a6 9. Nd6+ Bxd6 10. Qxd6 f6 11. Be3 Ne7 12. Bb6 Nf5 13. Bxd8 Nxd6 14. Bc7
Ke7 15. c5 Ne8 16. Bb6 d5 17. cxd6+ Nxd6 18. Bc5 Nf7 19. Rd1 Rd8 20. Be2 Bd7 21.
O-O Bc6 22. Rfe1 e5 23. f4 Ke8 24. fxe5 fxe5 25. Bb6 Rdc8 26. Rf1 Bb5 27. Nxb5 1/2-1/2

[Event "UzChess Cup Futures 2024"]
[Site "Tashkent UZB"]
[Date "2024.06.11"]
[Round "6.2"]
[White "Madaminov, Mukhiddin"]
[Black "Begmuratov, Khumoyun"]
[Result "1-0"]
[WhiteTitle "IM"]
[BlackTitle "IM"]
[WhiteElo "2517"]
[BlackElo "2429"]
[WhiteFideId "14210703"]
[BlackFideId "14210207"]
[EventDate "2024.06.06"]

1. e4 e5 2. Nf3 Nc6 3. Bb5 Nf6 4. d3 Bc5 5. c3 O-O 6. O-O d6 7. Nbd2 a6 8. Bxc6
bxc6 9. d4 exd4 10. cxd4 Bb6 11. Re1 Bg4 12. Qc2 Qd7 13. b3 Rfe8 14. Bb2 Bxf3
15. Nxf3 d5 16. Ne5 Qd6 17. exd5 cxd5 18. Nc6 Re6 19. Rxe6 Qxe6 20. a4 a5 21. h3
Nd7 22. Ba3 Bc5 23. Bxc5 Qxc6 24. Rc1 Rb8 25. Be7 Qxc2 26. Rxc2 Nf8 27. Rxc7 Ne6
28. Rd7 Rxb3 29. Rxd5 Rb7 30. Bg5 h6 31. Be3 Rb4 32. Rxa5 Nxd4 33. Ra8+ Kh7 34.
a5 Ra4 35. Kh2 h5 36. a6 Nc6 37. a7 Ra5 38. Rc8 Nxa7 39. Rc7 Nb5 40. Rc5 g6 41.
Rd5 Kg8 42. Bb6 Ra8 43. Rxb5 Rb8 44. Rb2 g5 45. Bd4 Rd8 46. Bf6 Rd5 47. f4 gxf4
48. Rf2 Rf5 49. Bd8 Kg7 50. Bc7 f3 51. Rxf3 Rc5 52. Bf4 Rf5 53. Bh6+ 1-0

[Event "UzChess Cup Futures 2024"]
[Site "Tashkent UZB"]
[Date "2024.06.11"]
[Round "6.3"]
[White "Nikitenko, Mihail"]
[Black "Rasulov, Vugar"]
[Result "0-1"]
[WhiteTitle "GM"]
[BlackTitle "GM"]
[WhiteElo "2525"]
[BlackElo "2557"]
[WhiteFideId "13506862"]
[BlackFideId "13402390"]
[EventDate "2024.06.06"]

1. e4 e5 2. Nf3 Nc6 3. Bb5 a6 4. Ba4 Nge7 5. c3 g6 6. O-O Bg7 7. d4 exd4 8. cxd4
b5 9. Bb3 O-O 10. d5 Na5 11. Bd2 c5 12. d6 Nec6 13. Nc3 Nxb3 14. axb3 Bb7 15.
Nd5 Nd4 16. Ne7+ Kh8 17. Nxd4 cxd4 18. Bb4 Bxe4 19. Bc5 d3 20. Re1 Bf5 21. g4
Be6 22. f4 b4 23. h3 Qb8 24. Ra5 Qd8 25. Ra4 Rc8 26. Nxc8 Qh4 27. Nb6 Qg3+ 28.
Kf1 Qxh3+ 29. Kf2 Qh2+ 30. Kf1 d2 31. Re2 Qh1+ 32. Bg1 Qf3+ 33. Bf2 Bxg4 0-1

[Event "UzChess Cup Futures 2024"]
[Site "Tashkent UZB"]
[Date "2024.06.11"]
[Round "6.4"]
[White "Suyarov, Mukhammadzokhid"]
[Black "Sivuk, Vitaly"]
[Result "1/2-1/2"]
[WhiteTitle "IM"]
[BlackTitle "GM"]
[WhiteElo "2430"]
[BlackElo "2569"]
[WhiteFideId "14210495"]
[BlackFideId "14116502"]
[EventDate "2024.06.06"]

1. e4 c5 2. Nf3 Nc6 3. Bb5 g6 4. c3 Nf6 5. e5 Nd5 6. O-O Bg7 7. d4 cxd4 8. cxd4
O-O 9. Nc3 Nc7 10. Bf4 Nxb5 11. Nxb5 a6 12. Nc3 d6 13. exd6 exd6 14. h3 Re8 15.
Qd2 d5 16. Bg5 Qd6 17. Bf4 Qd8 18. Rfe1 Be6 19. Ne5 Rc8 20. Nxc6 Rxc6 21. Be5 f6
22. Bg3 Bf8 23. Re2 Bf7 24. Rae1 Rxe2 25. Rxe2 b5 26. a3 Qb6 27. Qd3 Rc4 28. Rd2
Bh6 29. Rd1 Qc6 30. Kh2 Bf8 31. f3 Kg7 32. Rc1 Qc8 33. Ra1 g5 34. Rf1 Bg6 35.
Qe3 Qf5 36. Re1 Bf7 37. Qd2 Rc6 38. Re2 Bg6 39. Na2 h5 40. Nb4 Re6 41. Rxe6 Qxe6
42. Qc3 h4 43. Bb8 Bxb4 1/2-1/2

[Event "UzChess Cup Futures 2024"]
[Site "Tashkent UZB"]
[Date "2024.06.11"]
[Round "6.5"]
[White "Tiviakov, Sergei"]
[Black "Bernadskiy, Vitaliy"]
[Result "1/2-1/2"]
[WhiteTitle "GM"]
[BlackTitle "GM"]
[WhiteElo "2552"]
[BlackElo "2563"]
[WhiteFideId "1008013"]
[BlackFideId "14100371"]
[EventDate "2024.06.06"]

1. e4 c6 2. d4 d5 3. Nc3 dxe4 4. Nxe4 Bf5 5. Ng3 Bg6 6. h4 h6 7. Nf3 Nd7 8. h5
Bh7 9. Bd3 Bxd3 10. Qxd3 Ngf6 11. Bd2 e6 12. O-O-O Be7 13. Kb1 1/2-1/2

[Event "UzChess Cup Futures 2024"]
[Site "Tashkent UZB"]
[Date "2024.06.12"]
[Round "7.1"]
[White "Bernadskiy, Vitaliy"]
[Black "Daneshvar, Bardiya"]
[Result "1/2-1/2"]
[WhiteTitle "GM"]
[BlackTitle "GM"]
[WhiteElo "2563"]
[BlackElo "2611"]
[WhiteFideId "14100371"]
[BlackFideId "12576468"]
[EventDate "2024.06.06"]

1. e4 e5 2. Nf3 Nc6 3. Bb5 Nf6 4. O-O Nxe4 5. d4 Nd6 6. Bxc6 dxc6 7. dxe5 Nf5 8.
Qxd8+ Kxd8 9. Rd1+ Ke8 10. Nc3 Ne7 11. h3 h6 12. a4 Ng6 13. a5 a6 14. Be3 Be6
15. Ra4 Rd8 16. Rxd8+ Kxd8 17. h4 Be7 18. h5 Nf8 19. Nd4 Bd7 20. Nb3 Bf5 21. Ne4
Nd7 22. f4 Kc8 23. c3 Rd8 24. Nbd2 Bg4 25. Ng3 f6 26. Re4 f5 27. Rd4 Bh4 28.
Ndf1 Nf8 29. Rxd8+ Kxd8 30. Bf2 Bxg3 31. Nxg3 Ne6 32. Be3 c5 33. Kf2 Kd7 34. c4
b6 35. Bd2 bxa5 36. Ke3 a4 37. Bc3 Kd8 38. Bd2 Kd7 1/2-1/2

[Event "UzChess Cup Futures 2024"]
[Site "Tashkent UZB"]
[Date "2024.06.12"]
[Round "7.2"]
[White "Sivuk, Vitaly"]
[Black "Tiviakov, Sergei"]
[Result "1-0"]
[WhiteTitle "GM"]
[BlackTitle "GM"]
[WhiteElo "2569"]
[BlackElo "2552"]
[WhiteFideId "14116502"]
[BlackFideId "1008013"]
[EventDate "2024.06.06"]

1. d4 Nf6 2. c4 e6 3. Nf3 b6 4. g3 Bb7 5. Bg2 Be7 6. O-O O-O 7. Nc3 Ne4 8. Bd2
d5 9. cxd5 exd5 10. Qc2 Nd7 11. Rfd1 Nxc3 12. Bxc3 a5 13. Rac1 Re8 14. Ne5 Bd6
15. Qf5 Nf6 16. Bd2 Qc8 17. Qxc8 Raxc8 18. Bf4 c5 19. Nc4 Bxf4 20. gxf4 Re6 21.
Ne5 Re7 22. dxc5 Rxc5 23. Rxc5 bxc5 24. Rd3 Nh5 25. e3 f6 26. Nf3 d4 27. Nd2 g5
28. fxg5 fxg5 29. Bxb7 Rxb7 30. Rb3 Re7 31. Ra3 a4 32. Rxa4 dxe3 33. fxe3 Rxe3
34. Kf2 Re5 35. Nc4 Re6 36. Ra8+ Kg7 37. a4 Nf4 38. a5 Nd3+ 39. Kg3 Nb4 40. Rc8
Na6 41. b3 Kg6 42. Rd8 h5 43. Rd5 h4+ 44. Kg4 Re4+ 45. Kf3 Rf4+ 46. Ke3 Kh5 47.
h3 Rd4 48. Rxd4 cxd4+ 49. Kf3 Kg6 50. Ke4 Kf6 51. Ne5 Nc5+ 52. Kd5 d3 53. Ng4+
Kg7 54. Kxc5 d2 55. Ne3 g4 56. a6 g3 57. a7 d1=Q 58. a8=Q Qxb3 59. Qe4 Qa3+ 60.
Kd5 Qa5+ 61. Ke6 Qb6+ 62. Kf5 Qf6+ 63. Kg4 Kg8 64. Qd5+ Kg7 65. Qg5+ 1-0

[Event "UzChess Cup Futures 2024"]
[Site "Tashkent UZB"]
[Date "2024.06.12"]
[Round "7.3"]
[White "Rasulov, Vugar"]
[Black "Suyarov, Mukhammadzokhid"]
[Result "1-0"]
[WhiteTitle "GM"]
[BlackTitle "IM"]
[WhiteElo "2557"]
[BlackElo "2430"]
[WhiteFideId "13402390"]
[BlackFideId "14210495"]
[EventDate "2024.06.06"]

1. d4 d5 2. c4 e6 3. Nc3 c6 4. Nf3 Nf6 5. cxd5 exd5 6. Qc2 g6 7. Bf4 Bg7 8. e3
Bf5 9. Bd3 Bxd3 10. Qxd3 a5 11. O-O O-O 12. Qc2 Nbd7 13. h3 Re8 14. Nd2 Rc8 15.
Rfd1 Qb6 16. Rac1 Re6 17. a3 Rce8 18. b4 Nh5 19. Bh2 axb4 20. axb4 Qxb4 21. Rb1
Qa5 22. g4 Nhf6 23. Rxb7 Qd8 24. Ne2 Nf8 25. Nf4 Rd6 26. Rdb1 Ne4 27. Rb8 Qe7
28. Nxd5 cxd5 29. Rxe8 Qxe8 30. Nxe4 Rc6 31. Nc5 h5 32. Qa4 Rc8 33. Qxe8 Rxe8
34. Rb5 hxg4 35. hxg4 Nh7 36. Nd7 Nf6 37. Nxf6+ Bxf6 38. Rxd5 Re4 39. Bf4 g5 40.
f3 1-0

[Event "UzChess Cup Futures 2024"]
[Site "Tashkent UZB"]
[Date "2024.06.12"]
[Round "7.4"]
[White "Begmuratov, Khumoyun"]
[Black "Nikitenko, Mihail"]
[Result "0-1"]
[WhiteTitle "IM"]
[BlackTitle "GM"]
[WhiteElo "2429"]
[BlackElo "2525"]
[WhiteFideId "14210207"]
[BlackFideId "13506862"]
[EventDate "2024.06.06"]

1. e4 c5 2. Nf3 e6 3. c3 Nf6 4. e5 Nd5 5. d4 cxd4 6. cxd4 Nc6 7. Bc4 d6 8. O-O
Be7 9. Qe2 Nb6 10. Bb3 O-O 11. Rd1 d5 12. Nc3 Bd7 13. a3 Rc8 14. Bc2 f5 15. exf6
gxf6 16. Bf4 Rf7 17. Re1 Nc4 18. Bd3 Nd6 19. Rad1 Qf8 20. Qd2 Kh8 21. b4 b6 22.
Bh6 Qg8 23. Ne2 Nd8 24. Ng3 Nc4 25. Bxc4 dxc4 26. Qc3 Nb7 27. d5 e5 28. Rxe5 Qg6
29. Be3 Nd6 30. Rh5 Nb5 31. Qc1 c3 32. Rh6 Qg8 33. Nd4 Nd6 34. Re1 Rg7 35. Bf4
Qxd5 36. Nc2 Qf7 37. Rd1 Qf8 38. Rh4 Rg4 39. Rh5 Ba4 40. Bh6 Qf7 41. Re1 Rxg3
42. hxg3 Qxh5 43. Rxe7 Nf5 44. Rxa7 Nxh6 45. Ne3 Be8 46. Rb7 c2 47. Rxb6 Ng4 48.
Nxg4 Qxg4 49. Rd6 Ba4 50. f3 Qxg3 51. Rxf6 Rg8 0-1

[Event "UzChess Cup Futures 2024"]
[Site "Tashkent UZB"]
[Date "2024.06.12"]
[Round "7.5"]
[White "Saydaliev, Saidakbar"]
[Black "Madaminov, Mukhiddin"]
[Result "1/2-1/2"]
[WhiteTitle "IM"]
[BlackTitle "IM"]
[WhiteElo "2448"]
[BlackElo "2517"]
[WhiteFideId "14203693"]
[BlackFideId "14210703"]
[EventDate "2024.06.06"]

1. Nf3 Nf6 2. c4 e6 3. g3 d5 4. d4 Be7 5. Bg2 O-O 6. O-O dxc4 7. Qc2 a6 8. a4
Bd7 9. Rd1 Bc6 10. Bg5 b5 11. Bxf6 Bxf6 12. Nc3 Qe8 13. d5 exd5 14. Nd4 Qe5 15.
e4 dxe4 16. Nxc6 Nxc6 17. Qxe4 Qxe4 18. Bxe4 b4 19. Bxc6 bxc3 20. bxc3 Rad8 21.
Bd5 Bxc3 22. Rac1 Bb4 23. Bxc4 a5 24. Bb3 c5 25. Rxd8 Rxd8 26. Rd1 Rxd1+ 27.
Bxd1 c4 28. Be2 c3 29. Bd3 Bc5 30. Kf1 g6 31. Ke2 Kg7 32. h3 f5 33. f3 h5 34. g4
fxg4 35. fxg4 h4 36. Kf3 Kf6 37. Ke4 Ke6 38. Bc2 g5 39. Bd1 Bg1 40. Bc2 Kd6 41.
Bd1 Kc5 42. Bc2 Bh2 43. Bd1 Bf4 44. Bc2 Kc4 45. Bd1 c2 46. Bxc2 Kc3 47. Bd3 1/2-1/2

[Event "UzChess Cup Futures 2024"]
[Site "Tashkent UZB"]
[Date "2024.06.13"]
[Round "8.1"]
[White "Daneshvar, Bardiya"]
[Black "Madaminov, Mukhiddin"]
[Result "1-0"]
[WhiteTitle "GM"]
[BlackTitle "IM"]
[WhiteElo "2611"]
[BlackElo "2517"]
[WhiteFideId "12576468"]
[BlackFideId "14210703"]
[EventDate "2024.06.06"]

1. Nf3 Nf6 2. c4 e6 3. g3 d5 4. Bg2 Be7 5. O-O O-O 6. d4 dxc4 7. Qc2 a6 8. a4
Bd7 9. Qxc4 Bc6 10. Bf4 Bd6 11. Qc1 a5 12. Nc3 Na6 13. Bd2 Nb4 14. Qb1 Nbd5 15.
Nh4 Bb4 16. Rd1 Qe8 17. Nf3 Bxc3 18. bxc3 Nb6 19. Ne5 Bxg2 20. Kxg2 Nfd7 21. Nf3
e5 22. e4 Rb8 23. Bc1 Nc4 24. Ba3 Nxa3 25. Rxa3 Qe7 26. Rb3 b6 27. Rb5 c6 28.
Rb2 Rfe8 29. Re1 h6 30. Qa2 Qd8 31. Qc4 Qc7 32. Nh4 Nf6 33. f3 exd4 34. cxd4 Nd5
35. Nf5 Qd7 36. Rbe2 Nb4 37. Qc3 Kh7 38. Qd2 b5 39. Ra1 bxa4 40. Rxa4 Ra8 41.
Ra3 Qe6 42. Re1 Reb8 43. g4 Rb5 44. Rc1 Qd7 45. h4 Kg8 46. h5 Qd8 47. Qf4 Qf6
48. Kg3 Rd8 49. Rc4 Qe6 50. Rc1 Qf6 51. Rc4 Qe6 52. Qc1 Kh7 53. Kh3 Rdb8 54. Rc5
Rxc5 55. Qxc5 Rb5 56. Qc3 Qf6 57. Qc4 Rxf5 58. gxf5 Qg5 59. Qxf7 Qc1 60. Qg6+
Kh8 61. f6 gxf6 62. Rxa5 Qh1+ 63. Kg4 Qg2+ 64. Kf5 Qxf3+ 65. Ke6 Qh3+ 66. Ke7 1-0

[Event "UzChess Cup Futures 2024"]
[Site "Tashkent UZB"]
[Date "2024.06.13"]
[Round "8.2"]
[White "Nikitenko, Mihail"]
[Black "Saydaliev, Saidakbar"]
[Result "1-0"]
[WhiteTitle "GM"]
[BlackTitle "IM"]
[WhiteElo "2525"]
[BlackElo "2448"]
[WhiteFideId "13506862"]
[BlackFideId "14203693"]
[EventDate "2024.06.06"]

1. e4 e5 2. Nf3 Nc6 3. Bc4 Nf6 4. Ng5 d5 5. exd5 Na5 6. Bb5+ c6 7. dxc6 bxc6 8.
Bd3 Nd5 9. Nf3 Bd6 10. Nc3 Nf4 11. O-O Nxd3 12. cxd3 O-O 13. Re1 c5 14. b3 Nc6
15. Ne4 Ba6 16. Ba3 Re8 17. Bxc5 Bc7 18. b4 Qxd3 19. Nfg5 Qd7 20. Re3 h6 21. Rh3
Bd8 22. Nxf7 Qxf7 23. Nd6 Qe6 24. Qa4 Bc4 25. Nxc4 Qxc4 26. Qxc6 Bg5 27. Rc3 Qe2
28. Be3 Bxe3 29. dxe3 Qb2 30. Qc4+ Kh8 31. Rac1 Rac8 32. Qxc8 Rxc8 33. Rxc8+ Kh7
34. R8c4 Qxa2 35. g3 Qb2 36. R1c2 Qb3 37. Kg2 a6 38. h4 Qd3 39. Rc1 Qd2 40. Rc6
h5 41. Kg1 Qa2 42. R1c4 Qa1+ 43. Kg2 Qd1 44. R4c5 Qa1 45. Re6 Qb1 46. Rexe5 Qxb4
47. Rxh5+ Kg6 48. Rhg5+ Kh6 49. Rc6+ Kh7 50. Rc7 Qe4+ 51. Kh2 Qf3 52. Rgxg7+ Kh8
53. Rgf7 1-0

[Event "UzChess Cup Futures 2024"]
[Site "Tashkent UZB"]
[Date "2024.06.13"]
[Round "8.3"]
[White "Suyarov, Mukhammadzokhid"]
[Black "Begmuratov, Khumoyun"]
[Result "1/2-1/2"]
[WhiteTitle "IM"]
[BlackTitle "IM"]
[WhiteElo "2430"]
[BlackElo "2429"]
[WhiteFideId "14210495"]
[BlackFideId "14210207"]
[EventDate "2024.06.06"]

1. e4 c5 2. Nf3 d6 3. Bb5+ Nd7 4. c4 Nf6 5. Nc3 g6 6. O-O Bg7 7. d3 O-O 8. Ba4
Nb6 9. Bc2 Nfd7 10. Be3 Nb8 11. Qd2 Nc6 12. Bh6 Bg4 13. Bxg7 Kxg7 14. Ne1 e5 15.
Ba4 Nd4 16. Bd1 Bxd1 17. Rxd1 Ne6 18. Ne2 Qg5 19. f4 exf4 20. Nxf4 Kg8 21. g3
Nd7 22. Nf3 Qh6 23. Nxe6 Qxd2 24. Rxd2 fxe6 25. Rdf2 h6 26. e5 dxe5 27. Re2 Rad8
28. Nxe5 Nxe5 29. Rxe5 Rxd3 30. Rxc5 b6 31. Re5 Rd2 1/2-1/2

[Event "UzChess Cup Futures 2024"]
[Site "Tashkent UZB"]
[Date "2024.06.13"]
[Round "8.4"]
[White "Tiviakov, Sergei"]
[Black "Rasulov, Vugar"]
[Result "1/2-1/2"]
[WhiteTitle "GM"]
[BlackTitle "GM"]
[WhiteElo "2552"]
[BlackElo "2557"]
[WhiteFideId "1008013"]
[BlackFideId "13402390"]
[EventDate "2024.06.06"]

1. e4 e5 2. Nf3 Nc6 3. Bb5 a6 4. Ba4 Nf6 5. O-O Be7 6. Qe2 b5 7. Bb3 O-O 8. c3
d5 9. d3 a5 10. Bg5 Be6 11. Nbd2 a4 12. Bxf6 Bxf6 13. Bxd5 Bxd5 14. exd5 Qxd5
15. c4 bxc4 16. Nxc4 Rfe8 17. Qe4 Rad8 18. Rfd1 Qb5 19. b3 axb3 20. axb3 Nd4 21.
Rab1 Ne6 22. Ncxe5 Bxe5 23. Qxe5 Rd5 24. Qe4 h5 25. Qc4 Qb7 26. Re1 Red8 27. Re3
Rc5 28. Qh4 Rcd5 29. Ne5 f6 30. Nf3 Nf8 31. Qc4 Ng6 32. Rbe1 Kh7 33. d4 Qc8 34.
Qc2 Qf5 35. Qxc7 Rc8 36. Qg3 Rc2 37. Re4 Ra5 38. R4e3 Raa2 39. Rf1 Nf4 40. Kh1
Qb5 41. Ree1 Qf5 42. h3 Ne2 43. Qb8 Rc3 44. Ng1 Nf4 45. Re8 Ng6 46. Ne2 Rcc2 47.
Ng3 Qa5 48. b4 Qd5 49. Ne4 Re2 50. Nc3 Rxe8 51. Qxe8 Qc4 52. Qe1 Rc2 53. Nd1 Rc1
54. Kg1 Qxd4 55. Qe2 Nf4 56. Qf3 Kg6 57. Ne3 Rxf1+ 58. Nxf1 Qxb4 59. h4 Qd4 60.
g3 Nd5 61. Qe2 Kh6 62. Kg2 Nc3 63. Qe3+ Qxe3 64. Nxe3 Kg6 65. Kf3 Nb5 66. Ng2
Kf5 67. Nf4 g6 68. Nd5 Nd4+ 69. Ke3 Nc6 70. Nf4 Ne7 71. f3 Ke5 72. g4 hxg4 1/2-1/2

[Event "UzChess Cup Futures 2024"]
[Site "Tashkent UZB"]
[Date "2024.06.13"]
[Round "8.5"]
[White "Bernadskiy, Vitaliy"]
[Black "Sivuk, Vitaly"]
[Result "0-1"]
[WhiteTitle "GM"]
[BlackTitle "GM"]
[WhiteElo "2563"]
[BlackElo "2569"]
[WhiteFideId "14100371"]
[BlackFideId "14116502"]
[EventDate "2024.06.06"]

1. e4 e5 2. Nf3 Nc6 3. Bb5 a6 4. Ba4 Nf6 5. O-O Be7 6. Re1 b5 7. Bb3 O-O 8. a4
b4 9. d4 d6 10. dxe5 Nxe5 11. Nxe5 dxe5 12. Qf3 a5 13. Nd2 Bc5 14. h3 Ra6 15.
Nc4 Bb7 16. Nxe5 Qa8 17. Nxf7 Rxf7 18. Bxf7+ Kxf7 19. Qf5 Bd4 20. e5 Re6 21. Bf4
Be4 22. Qg5 h6 23. Qg3 Ne8 24. Qg4 Qd5 25. Be3 Bxe5 26. Rad1 Qc6 27. f4 Nf6 28.
Qg3 Bxb2 29. Bf2 Bxc2 30. Rxe6 Qxe6 31. f5 Qxf5 32. Qxc7+ Kg6 33. g4 Nxg4 0-1

[Event "UzChess Cup Futures 2024"]
[Site "Tashkent UZB"]
[Date "2024.06.14"]
[Round "9.1"]
[White "Sivuk, Vitaly"]
[Black "Daneshvar, Bardiya"]
[Result "1/2-1/2"]
[WhiteTitle "GM"]
[BlackTitle "GM"]
[WhiteElo "2569"]
[BlackElo "2611"]
[WhiteFideId "14116502"]
[BlackFideId "12576468"]
[EventDate "2024.06.06"]

1. d4 Nf6 2. c4 e6 3. Nf3 b6 4. g3 Bb7 5. Bg2 Be7 6. O-O O-O 7. Nc3 Ne4 8. Nxe4
Bxe4 9. Ne1 Bxg2 10. Nxg2 d6 11. e4 Bf6 12. Rb1 c5 13. d5 Bd4 14. Be3 e5 15. Qd3
Nd7 16. Nh4 g6 1/2-1/2

[Event "UzChess Cup Futures 2024"]
[Site "Tashkent UZB"]
[Date "2024.06.14"]
[Round "9.2"]
[White "Rasulov, Vugar"]
[Black "Bernadskiy, Vitaliy"]
[Result "0-1"]
[WhiteTitle "GM"]
[BlackTitle "GM"]
[WhiteElo "2557"]
[BlackElo "2563"]
[WhiteFideId "13402390"]
[BlackFideId "14100371"]
[EventDate "2024.06.06"]

1. e4 e5 2. Nf3 Nc6 3. Bc4 Bc5 4. d3 Nf6 5. c3 d6 6. Bb3 h6 7. h3 Bb6 8. Nbd2
Ne7 9. Nc4 Ng6 10. O-O O-O 11. Re1 Re8 12. a4 c6 13. Nxb6 axb6 14. Be3 d5 15.
Bc2 c5 16. Nh2 Be6 17. Nf1 Qe7 18. Ng3 Rad8 19. Qe2 d4 20. cxd4 cxd4 21. Bd2 Rc8
22. Qd1 Nf4 23. Rc1 Qd7 24. Qf3 g5 25. Nf5 Bxf5 26. exf5 Qxf5 27. Qxb7 Rxc2 28.
Rxc2 Nxd3 29. Rf1 Nc5 30. Rxc5 bxc5 31. a5 Qc8 32. Qf3 Kg7 33. Rc1 c4 34. h4
gxh4 35. Bxh6+ Kg6 36. Bd2 Qe6 37. Ra1 Qf5 38. a6 Qxf3 39. gxf3 Kf5 40. Ra5 Rg8+
41. Kh2 Nh5 42. Bb4 Nf4 43. Bc5 Ne6 44. Bb6 Ra8 45. a7 Kf4 46. Rd5 d3 47. Be3+
Kxf3 48. Rxe5 Ke2 49. Rd5 Kd1 50. Rd6 Ke2 51. Kh3 Rxa7 52. Bxa7 d2 53. Kxh4 d1=Q
54. Rxd1 Kxd1 55. Kg4 Kc2 56. Kf5 Kxb2 57. Kf6 c3 58. Be3 Nd8 59. Ke7 Nc6+ 60.
Kd6 Nb4 61. Bd4 Kb3 62. Bxc3 Kxc3 63. Ke5 Nc6+ 64. Kf6 Nd8 65. Ke7 Kd3 66. Kxd8
f5 0-1